Départements français les plus chauds - Statistiques

Statistiques générales
  • Ce quiz a été pris 132 fois
  • Le résultat moyen est 6 sur 10
Statistiques - réponses
Température atteinte (au degré celsius près) Département % Correct
44°C Bouches-du-Rhône
92%
44°C Gard
89%
44°C Hérault
87%
43°C Vaucluse
85%
43°C Paris
57%
43°C Val-de-Marne
48%
43°C Hauts-de-Seine
46%
43°C Val-d'Oise
45%
43°C Yvelines
45%
43°C Seine-Saint-Denis
44%
Aucun quiz correspondant
Distribution des résultats
% des personnes avec chaque résultat
Percentile par nombre de réponses
Votre historique - résultats
Vous n’avez pas pris ce quiz